000 00310nam a22001337a 4500
008 181016b xxu||||| |||| 00| 0 eng d
020 _a0471258911
041 _aeng
080 _22nd
_a320
100 _a21
101 _aSHP
245 _aPolitical Development & Social change
_cFinkle,J.L
942 _2udc
_cBK
999 _c49820
_d49820